000 01762nam a2200349 i 4500
001 768714001
003 CO-MdFUSB
005 20240711084948.0
007 ta
008 230331t2004 enk||||g |||| 00| 0 eng d
020 _a0851117848
040 _aCO-MdFUSB
_bspa
_cCO-MdFUSB
_dCO-MdFUSBC
_erda
041 _aeng
082 _223
_a221.04
_bW947o
100 _aWright, Christopher J. H.
_d1947-
_eautor
245 _aOld Testament ethics for the people of God
_c/ Christopher J. H. Wright
250 _aA fully revised, updated and integrated edition of "Living as the people of God" and "Walking in the ways of the Lord."
264 1 _aLeicester, England :
_bInterVarsity Press,
_c[2004]
264 4 _c©2004
300 _a520 páginas
_c; 24 cm
336 _2rdacontent
_atexto
_btxt
337 _2rdamedia
_asin mediación
_bn
338 _2rdacarrier
_avolumen
_bnc
504 _aIncluye índices y bibliografía
505 _gParte uno:
_tUna estructura para la ética del Antiguo Testamento:
_aEl ángulo teológico. --El ángulo social. -- El ángulo económico.
_gParte dos:
_tTemas en la ética del Antiguo Testamento:
_aEcología y la tierra. -- Economía y los pobres. -- La tierra y la ética cristiana. -- La política y las naciones. -- Justicia y rectitud. -- El derecho y el sistema jurídico. -- Cultura y familia. -- El camino del individuo.
_gParte tres:
_tEstudiando la ética del Antiguo Testamento:
_aUn estudio de enfoques históricos. -- La erudición contemporánea: un ensayo bibliográfico. -- Hermenéutica y autoridad en la ética del Antiguo Testamento.
563 _aTapa dura
630 0 7 _aBiblia.
_pAntiguo Testamento
650 7 _9185
_aÉtica cristiana
942 _cBK
945 _aAF
999 _c68682
_d68682